00908nam a2200217 i 450000100060000000300090000600500170001500700030003200800410003510000250007624501750010126000440027630000300032050000970035065100310044770000280047870000260050685200210053299900170055395201200057094648ES-MaACL20230906181527.0t|050511s1931 fr ||||1| fre d1 aLote, René.97429314aLes visages de l'Allemagne à travers la géographie et l'histoireb: paysages, villes, arts, civilisation / cRené Lote ; dessins de Marthe Rouyer et de Roger Ramus. aGrenoble : bDidier & Richard, c[1931] a147 p. : bil. ; c25 cm. aExtrait des Annales de l'Université de Grenoble, Section lettres-droit, 2e trimestre 1931. 4aAlemania-zHistoria.976581 aRouyer, Marthe.91642871 aRamus, Roger.9164288 aES-MaACLjA-2173 c94648d94648 00104070aATENEOMbATENEOMcSPP1d2008-01-17eSCl0oA-2173p1098847r2023-02-23 00:00:00w2023-02-23yMONOGRAFIA